Statistics for Most Popular Piercings for Women

Click here to take the quiz!

General Stats

  • This quiz has been taken 125 times
  • The average score is 6 of 9

Answer Stats

HintAnswer% Correct
19%Nose
89%
9%Nipple
86%
4%Lip
77%
8%Eyebrow
74%
9.5%Tongue
72%
33%Navel
67%
83%Earlobe
64%
13%Cartilage
40%
2%Genital
32%

Score Distribution

Percentile by Number Answered

Percent of People with Each Score

Your Score History

You have not taken this quiz